000 00806nam a2200277 i 4500
001 852934
003 OSt
005 20230717101026.0
008 780623s1977 fr b i001 0 eng
010 _a 78307625
015 _aF***
020 _a0245529667
_a0245529667
040 _aDLC
_cDLC
_dDLC
082 0 0 _a370.1
_bWAL
100 1 _aWall, William Douglas.
245 1 0 _aConstructive education for adolescents /
_cby W. D. Wall.
260 _aParis :
_bUnesco,
_cc1977.
300 _axi, 333 p. ;
_c24 cm.
440 0 _aStudies and surveys in comparative education
504 _aIncludes bibliographies and index.
650 0 _aAdolescence.
650 0 _aEducational psychology.
650 0 _aEducation, Secondary.
906 _a7
_bcbc
_corignew
_d4
_encip
_f19
_gy-gencatlg
942 _2ddc
_cBK
999 _c3976
_d3976